[Event "KNSB Meesterklasse 2023-2024"]
[Site "?"]
[Date "2023.11.25"]
[Round "4.9"]
[White "Geirnaert, Steven"]
[Black "Breukelman, Jan"]
[Result "1/2-1/2"]
[WhiteElo "2432"]
[BlackElo "2412"]
[PlyCount "37"]
[EventDate "2023.09.16"]
[EventType "team-tourn"]
[EventRounds "9"]
[EventCountry "NED"]
[WhiteTeam "Charlois Europoort"]
[BlackTeam "Paul Keres"]
[WhiteTeamCountry "NED"]
[BlackTeamCountry "NED"]

1. d4 Nf6 2. c4 e6 3. Nc3 Bb4 4. e3 O-O 5. Bd3 c5 6. Nge2 d5 7. cxd5 exd5 8. a3
Bxc3+ 9. bxc3 b6 10. O-O Ba6 11. f3 Re8 12. Ng3 Bxd3 13. Qxd3 Nc6 14. Bb2 h5
15. Rfe1 h4 16. Nh1 h3 17. g3 Nh7 18. f4 Nf6 19. Nf2 1/2-1/2